Statistics for Tottenham Hotspur Scorers in 2010s Champions League

Click here to take the quiz!

General Stats

  • This quiz has been taken 289 times
  • The average score is 11 of 17

Answer Stats

PlayerNationGls% Correct
Harry KaneEngland14
99%
Son Heung-minSouth Korea9
99%
Gareth BaleWales4
97%
Christian EriksenDenmark4
94%
Lucas MouraBrazil5
91%
Luka ModrićCroatia1
79%
Jan VertonghenBelgium1
77%
Dele AlliEngland3
74%
Toby AlderweireldBelgium1
66%
Érik LamelaArgentina1
65%
Fernando LlorenteSpain3
55%
Jermain DefoeEngland2
52%
Peter CrouchEngland4
48%
Rafael van der VaartNetherlands2
47%
Roman PavlyuchenkoRussia3
36%
Younès KaboulFrance1
15%
Georges-Kévin N'KoudouFrance1
12%

Score Distribution

Percentile by Number Answered

Percent of People with Each Score

Your Score History

You have not taken this quiz